00266nam a2200109Ia 4500008004100000041000800041082001800049100000800067245002200075260005100097300000800148140306s9999 xx 000 0 und d aeng a362.5bKAU/PO aKAU aPoverty in Kerala aMannuthybKerala Agricultural Universityc1986 a156